Подробности
| 000 -МАРКЕР |
| контрольное поле |
01204nam a2200409 c 4500 |
| 001 - КОНТРОЛЬНЫЙ НОМЕР ЗАПИСИ |
| контрольное поле |
000030475 |
| 003 - ПРИНАДЛЕЖНОСТЬ КОНТРОЛЬНОГО НОМЕРА |
| контрольное поле |
RuMoIPM |
| 005 - ДАТА И ВРЕМЯ ПОСЛЕДНЕЙ ТРАНЗАКЦИИ |
| контрольное поле |
20260505113626.0 |
| 008 - ЭЛЕМЕНТЫ ДАННЫХ ФИКСИРОВАННОЙ ДЛИНЫ |
| контрольное поле |
230210s1971 ru ||||||| |||| ||rus d |
| 035 ## - КОНТРОЛЬНЫЙ НОМЕР СИСТЕМЫ |
| контрольный номер системы |
(RuMoBEN) 001947014 |
| 035 ## - КОНТРОЛЬНЫЙ НОМЕР СИСТЕМЫ |
| контрольный номер системы |
(ELAR retro) [2022] 000013549 |
| 040 ## - ОРГАНИЗАЦИЯ-СОЗДАТЕЛЬ ЗАПИСИ |
| организация-создатель исходной библиографической записи |
RuMoBEN |
| язык каталогизации |
rus |
| правила каталогизации |
rcr |
| 041 0# - КОД ЯЗЫКА |
| код языка текста |
Русский |
| 044 ## - КОД СТРАНЫ ПУБЛИКАЦИИ/ИЗГОТОВЛЕНИЯ |
| MARC код страны публикации/изготовления |
Российская Федерация |
| 080 ## - ИНДЕКС УНИВЕРСАЛЬНОЙ ДЕСЯТИЧНОЙ КЛАССИФИКАЦИИ |
| индекс Универсальной десятичной классификации |
501 |
| 080 ## - ИНДЕКС УНИВЕРСАЛЬНОЙ ДЕСЯТИЧНОЙ КЛАССИФИКАЦИИ |
| индекс Универсальной десятичной классификации |
531.1 |
| 080 ## - ИНДЕКС УНИВЕРСАЛЬНОЙ ДЕСЯТИЧНОЙ КЛАССИФИКАЦИИ |
| индекс Универсальной десятичной классификации |
517.947 |
| 080 ## - ИНДЕКС УНИВЕРСАЛЬНОЙ ДЕСЯТИЧНОЙ КЛАССИФИКАЦИИ |
| индекс Универсальной десятичной классификации |
517.946 |
| 080 ## - ИНДЕКС УНИВЕРСАЛЬНОЙ ДЕСЯТИЧНОЙ КЛАССИФИКАЦИИ |
| индекс Универсальной десятичной классификации |
517.945 |
| 080 ## - ИНДЕКС УНИВЕРСАЛЬНОЙ ДЕСЯТИЧНОЙ КЛАССИФИКАЦИИ |
| индекс Универсальной десятичной классификации |
517.944 |
| 080 ## - ИНДЕКС УНИВЕРСАЛЬНОЙ ДЕСЯТИЧНОЙ КЛАССИФИКАЦИИ |
| индекс Универсальной десятичной классификации |
517.95 |
| 080 ## - ИНДЕКС УНИВЕРСАЛЬНОЙ ДЕСЯТИЧНОЙ КЛАССИФИКАЦИИ |
| индекс Универсальной десятичной классификации |
517.94 |
| 080 ## - ИНДЕКС УНИВЕРСАЛЬНОЙ ДЕСЯТИЧНОЙ КЛАССИФИКАЦИИ |
| индекс Универсальной десятичной классификации |
517.93 |
| 080 ## - ИНДЕКС УНИВЕРСАЛЬНОЙ ДЕСЯТИЧНОЙ КЛАССИФИКАЦИИ |
| индекс Универсальной десятичной классификации |
517.92 |
| 080 ## - ИНДЕКС УНИВЕРСАЛЬНОЙ ДЕСЯТИЧНОЙ КЛАССИФИКАЦИИ |
| индекс Универсальной десятичной классификации |
517.91 |
| 080 ## - ИНДЕКС УНИВЕРСАЛЬНОЙ ДЕСЯТИЧНОЙ КЛАССИФИКАЦИИ |
| индекс Универсальной десятичной классификации |
681.3.06 |
| 080 ## - ИНДЕКС УНИВЕРСАЛЬНОЙ ДЕСЯТИЧНОЙ КЛАССИФИКАЦИИ |
| индекс Универсальной десятичной классификации |
004 |
| 080 ## - ИНДЕКС УНИВЕРСАЛЬНОЙ ДЕСЯТИЧНОЙ КЛАССИФИКАЦИИ |
| индекс Универсальной десятичной классификации |
62-50 |
| 080 ## - ИНДЕКС УНИВЕРСАЛЬНОЙ ДЕСЯТИЧНОЙ КЛАССИФИКАЦИИ |
| индекс Универсальной десятичной классификации |
51 |
| 245 10 - ОБЛАСТЬ ЗАГЛАВИЯ И СВЕДЕНИЙ ОБ ОТВЕТСТВЕННОСТИ |
| заглавие |
Проблемы прикладной математики и механики |
| сведения, относящиеся к заглавию, и т. д |
Сборник статей |
| сведения об ответственности и т. д |
[Ред. коллегия: Н. Н. Боголюбов и др.] |
| 260 ## - ОБЛАСТЬ ВЫХОДНЫХ ДАННЫХ |
| место публикации, распространения, изготовления и т. д |
Москва |
| издательство, издатель, распространитель и т. д |
Наука |
| дата издания, распространения и т. д |
1971 |
| 300 ## - ОБЛАСТЬ КОЛИЧЕСТВЕННОЙ ХАРАКТЕРИСТИКИ |
| объём |
283 с., [1] л. портр. |
| прочее |
ил. |
| 500 ## - ПРИМЕЧАНИЕ ОБЩЕГО ХАРАКТЕРА |
| текст примечания |
В надзаг.: АН СССР. Вычислительный центр |
| 504 ## - ПРИМЕЧАНИЕ О НАЛИЧИИ БИБЛИОГРАФИЧЕСКИХ ПЕРЕЧНЕЙ И ССЫЛОК |
| текст примечания |
Библиогр. в конце ст. |
| 700 1# - ИМЯ ЛИЦА КАК ДОБАВОЧНЫЙ ПОИСКОВЫЙ ПРИЗНАК |
| имя лица |
Боголюбов, Николай Николаевич |
| роль лица относительно произведения |
ред. |
| 942 ## - ДАННЫЕ О ЗАПИСИ (KOHA) |
| Тип экземпляра (KOHA) |
Книга |